000 00838nam a22002531u 4500
001 04649
003 HDC
007 cr bn ---
008 210117p my go d 00 engg
040 _aHDC
245 0 _aPORT WEEK 2018 :
_bJOHOR HALAL LOGISTICS 1.0
260 _a[No Place] :
_b[publisher not identified],
_c[no year]
300 _a37 pages :
_billustrations
336 _atext
_2rdacontent
337 _acomputer
_2rdamedia
338 _aonline resource
_2rdacarrier
650 _aHalal food industry
_9128
650 _aHalal logistics
_9143
650 _aHalal standards
_92716
856 _zRequest full-text at [email protected]
942 _2lcc
942 _cSLIDE
942 _kSLID 000297
999 _c1974
_d1974